IFM Opac

Entrepreneurship Development and Small Business Enterprises (Record no. 22142)

MARC details
000 -LEADER
fixed length control field 00365nam a22001337a 4500
020 ## - INTERNATIONAL STANDARD BOOK NUMBER
ISBN 978-93-530-6626-0
082 ## - DEWEY DECIMAL CLASSIFICATION NUMBER
Classification number 338.04
100 ## - MAIN ENTRY--AUTHOR NAME
Personal name Charantimath, Poornima M.
245 ## - TITLE STATEMENT
Title Entrepreneurship Development and Small Business Enterprises
250 ## - EDITION STATEMENT
Edition statement 3rd
260 ## - PUBLICATION, DISTRIBUTION, ETC. (IMPRINT)
Place of publication Uttar Pradesh:
Name of publisher Pearson Education,
Year of publication 2019
300 ## - PHYSICAL DESCRIPTION
Number of Pages xx, 412p.: ill.; 25cm
942 ## - ADDED ENTRY ELEMENTS (KOHA)
Koha item type Books
Holdings
Withdrawn status Lost status Damaged status Not for loan Collection code Permanent Location Current Location Shelving location Date acquired Source of acquisition Full call number Accession Number Price effective from Koha item type
        Non-fiction IFM Main Campus Library IFM Main Campus Library Work Room processing 01/13/2026 Purchased 338.04 CHA 0000030328 01/13/2026 Books
        Non-fiction IFM Main Campus Library IFM Main Campus Library Work Room processing 01/13/2026 Purchased 338.04 CHA 0000030327 01/13/2026 Books
        Non-fiction IFM Main Campus Library IFM Main Campus Library Work Room processing 01/13/2026 Purchased 338.04 CHA 0000030329 01/13/2026 Books